000 02989nam0a2200469 4500
001 RU\NLR\BIBL_A\011733700
005 20260408120629.0
020 _aRU
_b16270
_9Сводный каталог листовок первых лет Советской власти (25 октября (7 ноября) 1917 - 1925) Т.5. Листовки советских, партийных, профсоюзных, комсомольских и других организаций Уральской области, автономных областей и республик РСФСР. Ч.2
035 _a(NLR Aleph) 011733700
090 _a11541636
_c11541636
100 _a20180620d1920 |||y0rusy50 ca
101 0 _arus
102 _aRU
105 _ay z 000zy
135 _acrcn 024apada
200 1 _aТоварищи! "Красная Армия в борьбе с контрреволюционнными бандами Деникина..."
_e[листовка
_fКазанский губ. исполнительный комитет Советов]
210 _a[Казань]
_cГубпечать
_d1920
215 _a1 с.
_d28х18
300 _aПодписи: Казанский губисполком Советов; Казан. губком РКП(б)
325 1 _aКопия доступна в Электронной библиотеке РНБ
327 1 _aОб укреплении тыла и усилении помощи фронту
517 1 _aКрасная Армия в борьбе с контрреволюционнными бандами Деникина...
540 1 _aОб укреплении тыла и усилении помощи фронту
607 _aРСФСР
_jЛистовки
_xПолитика и управление
_y1917 - 1925
_92312782
_3RU\NLR\auth\6601609564
607 _aКазанская губерния
_jЛистовки
_xПолитика и управление
_z1917 - 1920
_92486441
_3RU\NLR\AUTH\6601691958
686 0 _aТ3(2)71-313,011
686 0 _aТ3(2Р-8К)71-313,011
702 1 _4570
_8rus
_7ca
_aДеникин
_bА. И.
_f1872-1947
_gАнтон Иванович
_3RU\NLR\AUTH\774749
_9114726
711 0 2 _aКазанский губернский исполнительный комитет Советов
_3RU\NLR\AUTH\880388715
_9443433
852 0 0 _aNLR
_bФЛ
_j32/51
856 0 _uhttps://vivaldi.nlr.ru/ll000011336/view
856 1 _uhttps://vivaldi.nlr.ru/ll000011336/cover
856 2 _uhttps://vivaldi.nlr.ru/ll000011336/text
942 _cBOOK
980 _aNB
981 2 1 _a(21) Листовки
_b(21) Листовки 1920 года
981 2 2 _a(22) Материалы по истории России
_b(22) История России с 25 октября (7 ноября) 1917 года